Biblioteca

Todo sobre los monos / Traducción Priscilla Caballero (Registro nro. 49249)

Detalles MARC
000 -LÍDER
Campo fijo de descripción fija 004280000a22001690004500
020 ## - NÚMERO INTERNACIONAL NORMALIZADO PARA LIBROS
Número Internacional Normalizado del libro 970-718-401-9
082 04 - NÚMERO DE CLASIFICACIÓN DECIMAL DEWEY
Número de clasificación B B119t
001 - NÚMERO DE CONTROL
Campo de control 2101
110 1# - ASIENTO PRINCIPAL--NOMBRE CORPORATIVO
Nombre corporativo o de jurisdicción como elemento de entrada baby einsten
245 10 - TÍTULO
Título del Material Todo sobre los monos / Traducción Priscilla Caballero
260 ## - PUBLICACIÓN, DISTRIBUCIÓN, ETC. (PIE DE IMPRENTA)
Lugar de publicación, distribución, etc. Mexico : Silver Dolphin
300 ## - DESCRIPCIÓN FÍSICA
Extensión [8 P.]
500 ## - NOTA GENERAL
Nota General Libro interativo con marionetas
650 14 - ASIENTO SECUNDARIO DE MATERIA - TERMINO TEMÁTICO
Término temático o nombre geográfico como elemento de entrada Cuento Didactico infantil
942 ## - TIPO DE MATERIAL (KOHA)
Tipo de Item KOHA Z- Libro General BINCO
Existencias
Estado de Material Estado de Perdido Estado de Dañado No para Préstamo Tomo Biblioteca de Origen Biblioteca Permanente Fecha de Adquisición Total de Préstamos Signatura Topográfica Código de Barras Última vez visto Ejemplar/Existencia Fecha de Remplazo Tipo de Material Nota Pública
      Solicitado   Biblioteca Infantil Comunitaria BINCO Biblioteca Infantil Comunitaria BINCO 29/01/2010   B B119t B32730 01/08/2024 1 26/01/2016 Z- Libro General BINCO Maleta Viajera Buen Comienzo

Biblioteca FUSBC | Teléfono: (57+4) 349 88 10 Ext. 141| WhatsApp (+57) 3005338115 
E-mail: biblioteca@unisbc.edu.co | Calle 76 87-14 Robledo Palenque, Medellín, Colombia

Con tecnología Koha